000
00276nam a22001337a 4500
008
170522b xxu||||| |||| 00| 0 eng d
020
_a
9781740480567
041
_a
eng
080
_a
94(4)
100
_a
16
101
_a
SHH
245
_a
EGYPT
_c
PERRY, CH
942
_2
udc
_c
BK
999
_c
13691
_d
13691